|
|
|
|
| LEADER |
00000nam a2200000 a 4500 |
| 001 |
vtls011467484 |
| 003 |
SK-MaSNL |
| 005 |
20260302015020.0 |
| 008 |
240318s2015 xo ab frmn 000 0deng |
| 015 |
|
|
|a SNBA2016/01
|
| 020 |
|
|
|a 9788022744591
|q (brož.)
|
| 035 |
|
|
|a 156BE33A-E299-42C7-B6C7-FECAF6BBF2A9
|
| 035 |
|
|
|a urn:nbn:sk:snk-aml9fx
|
| 035 |
|
|
|a urn:nbn:sk:snk-am008rlg
|
| 040 |
|
|
|a SNK
|b slo
|c SNK
|e AACR2
|
| 041 |
0 |
|
|a eng
|
| 044 |
|
|
|a xo
|c SK
|
| 072 |
|
7 |
|a 519
|x Kombinatorika. Teória grafov. Matematická štatistika. Operačný výskum. Matematické modelovanie
|2 konspekt
|
| 072 |
|
7 |
|a 528
|x Geodézia. Kartografia
|2 konspekt
|
| 080 |
|
|
|a 519.6
|2 2001
|
| 080 |
|
|
|a 528
|2 2001
|
| 080 |
|
|
|a (043.3)
|2 2001
|
| 100 |
1 |
|
|a Macák, Marek,
|d 1985-
|4 aut
|9 162375
|
| 245 |
1 |
0 |
|a Numerical methods in geodesy
|c Marek Macák
|
| 260 |
|
|
|a V Bratislave
|b Slovenská technická univerzita, Stavebná fakulta
|b Nakladateľstvo STU
|c 2015
|
| 300 |
|
|
|a 65 s.
|b ilustr., mp. tab.
|c 29 cm
|
| 366 |
|
|
|e 100 výt.
|
| 490 |
1 |
|
|a Edícia vedeckých prác
|v zoš. č. 151
|
| 500 |
|
|
|a Biogr. údaje
|
| 504 |
|
|
|a Bibliogr.: s. 61-65
|
| 650 |
0 |
7 |
|a numerické metódy
|2 SNKPH
|9 3947
|
| 650 |
0 |
7 |
|a Numerical methods
|2 SNKPHeng
|9 327376
|
| 650 |
0 |
7 |
|a geodézia
|2 SNKPH
|9 819
|
| 650 |
0 |
7 |
|a Geodesy
|2 SNKPHeng
|9 267136
|
| 655 |
|
7 |
|a dizertácie
|2 SNKPH
|9 70277
|
| 655 |
|
7 |
|a Dissertations
|2 SNKPHeng
|9 303036
|
| 752 |
|
|
|a Slovensko
|d Bratislava
|
| 810 |
2 |
|
|a Slovenská technická univerzita v Bratislave.
|b Stavebná fakulta
|t Edícia vedeckých prác
|9 184598
|
| 852 |
|
|
|a Štátna vedecká knižnica v Banskej Bystrici
|
| 919 |
|
|
|a 978-80-227-4459-1
|
| 958 |
|
|
|a NB
|
| 999 |
|
|
|c 1019299
|d 1021229
|
| 952 |
|
|
|a SNK
|b SNK
|y PREZ
|7 0
|p 17A1177719
|o snkSB 89421
|i snk2016/1272
|8 0
|0 0
|1 0
|4 0
|d 2016-01-19
|f 1
|l 0
|r 2025-05-12 00:00:00
|w 2026-02-24
|
| 952 |
|
|
|a SNK
|b SNK
|y VYP
|7 0
|p 17A1177720
|o snkSB 89421 D1
|i snk2016/1273
|8 0
|0 0
|1 0
|4 0
|d 2016-01-19
|l 0
|r 2026-02-24 13:19:24
|w 2026-02-24
|